000 00489nam a2200181Ia 4500
005 20250326142610.0
008 250326s9999 xx 000 0 und d
037 _aTextbook
040 _aFMSL
_beng
_cFMSL
041 _aeng
_2eng
084 _qFMSL
100 _aBose PK
_9746291
245 0 _aQuality for progress and development
_cBose PK And Others
260 _aNew Delhi
_bNew Delhi, Willey Eastern Ltd.
_c1989
300 _a899p
942 _cTB
999 _c1295766
_d1295766